Statistiken für Schweizer Städte nach Bild

Klicken Sie hier um das Quiz zu spielen!

Allgemein

  • Dieses Quiz wurde 99 mal gespielt
  • Das Durchschnittsergebnis liegt bei 9 aus 16

Antwortstatistiken

Antwort% Korrekt
Bern
86%
Luzern
83%
Lugano
78%
Basel
73%
Zürich
65%
Genf
64%
Zermatt
64%
St. Moritz
61%
St. Gallen
58%
Chur
55%
Thun
48%
Montreux
46%
Fribourg
44%
Bellinzona
38%
Lausanne
36%
Neuchâtel
35%

Verteilung der Resultate

Perzentil nach korrekt beantworteten Fragen

Anzahl Personen mit jedem Resultat

Ihre Resultats-Entwicklung

Sie haben dieses Quiz noch nicht gespielt